| 000 | 00586nam a2200181Ia 4500 | ||
|---|---|---|---|
| 008 | 100921s9999 xx 000 0 und d | ||
| 082 |
_b1991 _a891.461 थ 08 |
||
| 100 | _aगोरे गणेश मोरेश्वर. | ||
| 245 | _aकाव्य-दोष-दीपिका. | ||
| 260 |
_b--- _c1908 |
||
| 300 |
_a162 _b--- |
||
| 365 | _b0.75 | ||
| 520 | _aललित-काव्य. | ||
| 630 | _aकाव्य-दोष-दीपिका. | ||
| 650 | _aललित-काव्य. | ||
| 730 | _aकाव्य-दोष-दीपिका. | ||
| 942 | _cBOOK | ||
| 999 |
_c751104 _d751101 |
||